<?xml version="1.0" encoding="UTF-8"?>
<record
    xmlns:xsi="http://www.w3.org/2001/XMLSchema-instance"
    xsi:schemaLocation="http://www.loc.gov/MARC21/slim http://www.loc.gov/standards/marcxml/schema/MARC21slim.xsd"
    xmlns="http://www.loc.gov/MARC21/slim">

  <leader>00878nam a22002417a 4500</leader>
  <controlfield tag="005">20240530110408.0</controlfield>
  <controlfield tag="008">150208s2011    ua     f      000 0 ara d</controlfield>
  <datafield tag="017" ind1=" " ind2=" ">
    <subfield code="a">11987/2011</subfield>
    <subfield code="b">&#x645;&#x635;&#x631; . &#x62F;&#x627;&#x631; &#x627;&#x644;&#x643;&#x62A;&#x628; &#x627;&#x644;&#x645;&#x635;&#x631;&#x64A;&#x629;</subfield>
  </datafield>
  <datafield tag="020" ind1=" " ind2=" ">
    <subfield code="a">9789771808442</subfield>
  </datafield>
  <datafield tag="040" ind1=" " ind2=" ">
    <subfield code="a">EG-CaGPL</subfield>
  </datafield>
  <datafield tag="041" ind1="0" ind2=" ">
    <subfield code="a">ara</subfield>
  </datafield>
  <datafield tag="082" ind1="0" ind2="4">
    <subfield code="2">21</subfield>
    <subfield code="a">962.05</subfield>
    <subfield code="b">&#x642;/&#x649; &#x645;</subfield>
  </datafield>
  <datafield tag="100" ind1="1" ind2=" ">
    <subfield code="a">&#x628;&#x64A;&#x631;&#x643; &#x60C; &#x62C;&#x627;&#x643;</subfield>
    <subfield code="q">&#x62C;&#x627;&#x643; &#x628;&#x64A;&#x631;&#x643;</subfield>
  </datafield>
  <datafield tag="245" ind1="1" ind2=" ">
    <subfield code="a">&#x645;&#x635;&#x631; &#x627;&#x644;&#x627;&#x645;&#x628;&#x631;&#x64A;&#x627;&#x644;&#x64A;&#x629; &#x648; &#x627;&#x644;&#x62B;&#x648;&#x631;&#x629; /</subfield>
    <subfield code="c">&#x62C;&#x627;&#x643; &#x628;&#x64A;&#x631;&#x643;</subfield>
  </datafield>
  <datafield tag="260" ind1=" " ind2=" ">
    <subfield code="a">&#x627;&#x644;&#x642;&#x627;&#x647;&#x631;&#x629; :</subfield>
    <subfield code="b">&#x645;&#x637;&#x628;&#x639;&#x629; &#x62F;&#x627;&#x631; &#x627;&#x644;&#x643;&#x62A;&#x628; &#x648;&#x627;&#x644;&#x648;&#x62B;&#x627;&#x626;&#x642; &#x627;&#x644;&#x642;&#x648;&#x645;&#x64A;&#x629; &#x628;&#x627;&#x644;&#x642;&#x627;&#x647;&#x631;&#x629; &#x60C;</subfield>
    <subfield code="c">2011</subfield>
  </datafield>
  <datafield tag="300" ind1=" " ind2=" ">
    <subfield code="a">398 &#x635; &#x61B;</subfield>
    <subfield code="c">20 &#x633;&#x645;</subfield>
  </datafield>
  <datafield tag="490" ind1="0" ind2=" ">
    <subfield code="a">&#x627;&#x644;&#x62B;&#x648;&#x631;&#x629; &#x648;&#x627;&#x644;&#x62D;&#x631;&#x64A;&#x629; &#x61B;</subfield>
    <subfield code="v">27</subfield>
  </datafield>
  <datafield tag="650" ind1="0" ind2="4">
    <subfield code="a">&#x627;&#x644;&#x62B;&#x648;&#x631;&#x627;&#x62A;</subfield>
  </datafield>
  <datafield tag="651" ind1="0" ind2="4">
    <subfield code="a">&#x645;&#x635;&#x631;</subfield>
    <subfield code="x">&#x62A;&#x627;&#x631;&#x64A;&#x62E;</subfield>
    <subfield code="y">&#x62B;&#x648;&#x631;&#x629; 25 &#x64A;&#x646;&#x627;&#x64A;&#x631;</subfield>
  </datafield>
  <datafield tag="651" ind1="0" ind2="4">
    <subfield code="a">&#x645;&#x635;&#x631;</subfield>
    <subfield code="x">&#x62A;&#x627;&#x631;&#x64A;&#x62E;</subfield>
    <subfield code="x">&#x627;&#x644;&#x62B;&#x648;&#x631;&#x627;&#x62A;</subfield>
  </datafield>
  <datafield tag="942" ind1=" " ind2=" ">
    <subfield code="2">ddc</subfield>
    <subfield code="c">BK</subfield>
  </datafield>
  <datafield tag="999" ind1=" " ind2=" ">
    <subfield code="c">60401</subfield>
    <subfield code="d">60401</subfield>
  </datafield>
  <datafield tag="952" ind1=" " ind2=" ">
    <subfield code="0">0</subfield>
    <subfield code="1">0</subfield>
    <subfield code="4">0</subfield>
    <subfield code="7">0</subfield>
    <subfield code="a">CAI</subfield>
    <subfield code="b">CAI</subfield>
    <subfield code="d">2015-02-08</subfield>
    <subfield code="l">0</subfield>
    <subfield code="o">962.05 &#x642;/&#x649; &#x645;</subfield>
    <subfield code="p">159442</subfield>
    <subfield code="r">2015-02-08 00:00:00</subfield>
    <subfield code="w">2015-02-08</subfield>
    <subfield code="y">BK</subfield>
  </datafield>
</record>
